| 000 | 00456nam a2200157 4500 | ||
|---|---|---|---|
| 001 | 123907 | ||
| 003 | ES-MaACL | ||
| 005 | 20230906192255.0 | ||
| 007 | t| | ||
| 008 | 070214s1972 sp r ||||1| spa d | ||
| 100 | 1 |
_aRamírez Heredia, Juan de Dios. _995154 |
|
| 245 | 1 | 0 |
_aNosotros, los gitanos / _cJuan de Dios Ramírez Heredia. |
| 260 |
_aBarcelona : _bEd. 29, _c1972. |
||
| 300 |
_a210 p., 12 lám. ; _c20 cm. |
||
| 852 |
_aES-MaACL _jC-51126 _bR.80514 |
||
| 999 |
_c123907 _d123907 |
||